| 000 | 00524nam a22001577a 4500 | ||
|---|---|---|---|
| 999 |
_c534914 _d534914 |
||
| 020 | _qHard Cover. | ||
| 082 | _a620.1 | ||
| 100 | _aMuhammd Faseeh Tahir | ||
| 245 |
_aFatigue Analysis and Life Assessment of Pressurized Structures / _cMuhammd Faseeh Tahir. |
||
| 260 |
_aIslamabad : _bCEME - NUST, _c2018. |
||
| 300 |
_axiii, 64 p. : ill. ; _c30cm. |
||
| 942 |
_2ddc _cTHE |
||
| 650 |
_aMS Thesis Mechanical Engineering _925724 |
||
| 700 |
_a DR. IMRAN AKHTAR. _911136 |
||